La Profesionalizacin̤ de la administracin̤ pb︢lica en Mx̌ico dilemas y perspectivas /

Bibliographic Details
Main Author: Martn̕ez Pun̤, Rafael
Format: Book
Language:Spanish
Published: Madrid : Instituto Nacional de Administracin̤ Pb︢lica, 2003
Series:Iberoamřica
Subjects:
Online Access:Acceso restringido

MARC

LEADER 00000nam a2200000 a 4500
005 20120124134415.0
007 cr|||| ||||
008 050705s2003 sp |||||| 000 ||spa|d
017 |a DL M. 28507-2003 
020 |a 8470884514 
024 8 |a 329-03-016-1  |2 z 
035 |a 6083 
040 |d vLex 
043 |a n-mx--- 
080 |a 351(72) 
090 |c 2942  |d 2942 
100 1 |a Martn̕ez Pun̤, Rafael 
245 1 3 |a La Profesionalizacin̤ de la administracin̤ pb︢lica en Mx̌ico   |h [Recurso electrn̤ico] :  |b dilemas y perspectivas /  |c Rafael Martn̕ez Pun̤ 
256 |a Servicio en ln̕ea 
260 |a Madrid :  |b Instituto Nacional de Administracin̤ Pb︢lica,  |c 2003 
300 |a 1 recurso electrn̤ico 
504 |a Bibliografa̕ 
506 1 |a Contenido solo disponible en los productos indicados  |d vLex Global   |d vLex Global (Academic Edition, excluding Law Schools)   |d vLex Global (U.S. Academic Edition, Law Schools)   |d vLex Global (U.S. Academic Edition, excluding Law Schools)   |d vLex Global (Academic Edition, Law Schools)  
650 0 4 |a Administracin̤ pb︢lica  |z Mx̌ico 
650 0 4 |a Funcionarios  |z Mx̌ico 
650 0 4 |a Funcin̤ pb︢lica  |z Mx̌ico 
740 0 |a vLex Libros (Servicio en ln̕ea) 
830 0 |a Iberoamřica 
856 4 0 |u http://vlex.com/source/profesionalizacion-administracion-publica-mexico-dilemas-perspectivas-6083  |z Acceso restringido 
942 |c BOOK 
999 0 |a Public administration 
999 0 |a Administrative law